000 00755nam a2200253 i 4500
001 C2-0340626
003 PPAK
005 20180728142514.0
008 170130s2015 enka|||| ||||| | eng d
020 _a9781908967725
040 _aPPAK
_beng
_cPPAK
_erda
082 0 4 _a724.6
_223
090 0 0 _a724.6
_bBEL
_dR
100 1 _aBell, Jonathan,
_d1972-
_eauthor
245 1 4 _aThe modern house
264 1 _aLondon :
_bArtifice Books on Architecture ,
_c2015
300 _a159 pages :
_bcolour photographs ;
_c28 cm
336 _2rdacontent
_atext
337 _2rdamedia
_aunmediated
338 _2rdacarrier
_avolume
650 1 0 _aArchitecture, Domestic - Great Britain. ; Architecture, Modern - 21st century.
700 _eauthor
942 _ddc
_cB
999 _c137768
_d137768